000 00707nam a2200217Ia 4500
003 GCL
005 20240530105939.0
008 140319s9999 xx 000 0 ara d
040 _aGCL /
_cGCL
082 0 4 _b355.009
_bأ ش
100 1 _aاحمد عبدالسلام ناصف
245 1 0 _aالشرطة فى مصر الاسلامية /
_cاحمد عبدالسلام ناصف
260 _a[S.N] :
_bالزهراء للاعلام العربى ،
_c1987
300 _a356 ص
650 0 4 _aالشرطة
650 0 4 _aتاريخ الشرطة
650 0 4 _aالوضع الاجتماعى للشرطة
650 0 4 _aالبوليس فى مصر
650 0 4 _aالشرطة المصرية
942 _2ddc
_cBK
999 _c57731
_d57731